书目信息 |
| 题名: |
论法的精神
|
|
| 作者: | 孟德斯鸠 著 ;欧启明 译 | |
| 分册: | ||
| 出版信息: | 南京 译林出版社 2016 |
|
| 页数: | 15,735页 | |
| 开本: | 24cm | |
| 丛书名: | ||
| 单 册: | ||
| 中图分类: | D0 , D90 | |
| 科图分类: | ||
| 主题词: | 政治学--zheng zhi xue , 国家和法的理论--guo jia he fa de li lun | |
| 电子资源: | ||
| ISBN: | 978-7-5447-6663-0 | |
| 000 | 01075nam0 22002891 450 | |
| 001 | 1760940212 | |
| 005 | 20170619171935.0 | |
| 010 | @a978-7-5447-6663-0@dCNY58.00 | |
| 100 | @a20170109d2016 em y0chiy50 ea | |
| 101 | 1 | @achi@cfre |
| 102 | @aCN@b320000 | |
| 105 | @aa z 000yy | |
| 106 | @ar | |
| 200 | 1 | @a论法的精神@9lun fa de jing shen@dDe l'esprit des lois@f(法)孟德斯鸠著@g欧启明译@zfre |
| 210 | @a南京@c译林出版社@d2016 | |
| 215 | @a15,735页@c图@d24cm | |
| 330 | @a本书阐述了自然法理论、法和法律定义,法律与政体关系,以及政体分类、各种政体的性质和原则等问题,阐述政治自由和三权分立学说,并以英国为例提出了君主立宪制的政治主张,论述了自然条件同政治法律的关系。 | |
| 500 | 10 | @a法意 |
| 510 | 1 | @aL'esprit des lois@zfre |
| 606 | 0 | @a政治学@9zheng zhi xue |
| 606 | 0 | @a国家和法的理论@9guo jia he fa de li lun |
| 690 | @aD0@v5 | |
| 690 | @aD90@v5 | |
| 701 | 0 | @c(法)@a孟德斯鸠@9meng de si jiu@c(Montesquieu, Charles de Secondat@f1689~1755)@4著 |
| 702 | 0 | @a欧启明@9ou qi ming@4译 |
| 801 | 0 | @aCN@b百万庄@c20170617 |
| 905 | @b1013688-90@dD0@e342@f3 | |
| 论法的精神=De l'esprit des lois/(法)孟德斯鸠著/欧启明译.-南京:译林出版社,2016 |
| 15,735页:图;24cm |
| ISBN 978-7-5447-6663-0:CNY58.00 |
| 本书阐述了自然法理论、法和法律定义,法律与政体关系,以及政体分类、各种政体的性质和原则等问题,阐述政治自由和三权分立学说,并以英国为例提出了君主立宪制的政治主张,论述了自然条件同政治法律的关系。 |
| ● |
| 相关链接 |
|
|
|
|
正题名:论法的精神
索取号:D0/342
 
预约/预借
| 序号 | 登录号 | 条形码 | 馆藏地/架位号 | 状态 | 备注 |
| 1 | 1013688 | 210136887 | 第一样本阅览室/ [索取号:D0/342] | 在馆 | |
| 2 | 1013689 | 210136896 | 教育系资料室/ [索取号:D0/342] | 在馆 | |
| 3 | 1013690 | 210136903 | 第一借阅区/ [索取号:D0/342] | 在馆 |